[Event "Swiss Queens Wed #9"]
[Site "FIDE Online Arena INT"]
[Date "2024.03.27"]
[Round "11"]
[White "Aishwarya, N."]
[Black "Gorli, Nyna"]
[Result "1-0"]
[WhiteElo "1482"]
[BlackElo "1769"]
[PlyCount "141"]
[EventDate "2024.03.27"]
[EventType "swiss (blitz)"]
[EventRounds "11"]
[EventCountry "NET"]
[SourceTitle "CB14_2024"]
[SourceDate "2024.04.01"]
[SourceVersion "1"]
[SourceVersionDate "2024.04.01"]
[SourceQuality "1"]

1. d4 Nf6 2. c4 g6 3. Nf3 Bg7 4. Nc3 0-0 5. e3 d6 6. Bd3 Nbd7 7. 0-0 c5 8. d5 e5 9. e4 Kh8 10. Be3 Ng8 11. Qd2 f5 12. exf5 gxf5 13. Bg5 Ndf6 14. Bc2 h6 15. Nh4 Qe8 16. Nxf5 Bxf5 17. Bxf5 hxg5 18. Qxg5 Qh5 19. Qxh5+ Nxh5 20. Be6 Nf4 21. Ne4 Rad8 22. Bxg8 Kxg8 23. a3 Bh6 24. b4 b6 25. bxc5 bxc5 26. Rab1 Rd7 27. Rb5 Ne2+ 28. Kh1 Rf4 29. f3 Nd4 30. Rb8+ Rf8 31. Nf6+ Kf7 32. Rxf8+ Kxf8 33. Nxd7+ Ke7 34. Nb8 Kd8 35. Nc6+ Kc7 36. Nxd4 cxd4 37. h4 d3 38. g4 Be3 39. g5 d2 40. g6 Bh6 41. Rd1 Kb6 42. Rxd2 Kc5 43. Rg2 Bg7 44. h5 Kxc4 45. Rh2 Bh6 46. Rg2 Bg7 47. h6 Bxh6 48. g7 Bxg7 49. Rxg7 a5 50. Ra7 Kxd5 51. Rxa5+ Kc4 52. Ra6 d5 53. a4 d4 54. a5 Kb5 55. Re6 Kxa5 56. Rxe5+ Kb4 57. Rd5 Kc3 58. f4 d3 59. f5 d2 60. Rxd2 Kxd2 61. f6 Kc1 62. f7 Kb1 63. f8Q Ka1 64. Qb8 Ka2 65. Kg1 Ka3 66. Kf1 Ka4 67. Ke2 Ka5 68. Kd3 Ka6 69. Kc4 Ka5 70. Qb7 Ka4 71. Qb4# 1-0

[Event "Swiss Queens Wed #9"]
[Site "FIDE Online Arena INT"]
[Date "2024.03.27"]
[Round "8"]
[White "Gorli, Nyna"]
[Black "Mikhaylova, Irina"]
[Result "0-1"]
[WhiteElo "1769"]
[BlackElo "2169"]
[PlyCount "106"]
[EventDate "2024.03.27"]
[EventType "swiss (blitz)"]
[EventRounds "11"]
[EventCountry "NET"]
[SourceTitle "CB14_2024"]
[SourceDate "2024.04.01"]
[SourceVersion "1"]
[SourceVersionDate "2024.04.01"]
[SourceQuality "1"]

1. e4 c5 2. c3 d5 3. exd5 Qxd5 4. d4 Nf6 5. Nf3 Bg4 6. Be2 e6 7. 0-0 Nc6 8. Be3 cxd4 9. cxd4 Be7 10. Nc3 Qd6 11. h3 Bh5 12. Qb3 0-0 13. Rad1 Qb4 14. Qc2 Qd6 15. Nb5 Qd8 16. Ne5 Nb4 17. Qc4 Rc8 18. Bxh5 Rxc4 19. Bxf7+ Rxf7 20. Nxc4 a6 21. Nc3 Nbd5 22. Ne5 Rf8 23. Bg5 Qa5 24. Nxd5 Nxd5 25. Bxe7 Nxe7 26. a3 Nf5 27. Nd7 Rd8 28. Nc5 Nxd4 29. Nxb7 Ne2+ 30. Kh2 Rxd1 31. Rxd1 Qc7+ 32. Nd6 Nf4 33. g3 Nd5 34. Ne4 Qc2 35. Rd4 h6 36. b4 Nf6 37. Nxf6+ gxf6 38. Kg2 Qc6+ 39. Kh2 e5 40. Rd8+ Kf7 41. Kg1 Qc7 42. Rh8 Kg7 43. Ra8 Qc1+ 44. Kh2 Qc6 45. Ra7+ Kg6 46. Kg1 e4 47. Kh2 e3 48. fxe3 Qf3 49. Rxa6 Qf2+ 50. Kh1 Qf1+ 51. Kh2 Qxa6 52. Kg2 Qxa3 53. Kf3 Qxb4 0-1

[Event "Swiss Queens Wed #9"]
[Site "FIDE Online Arena INT"]
[Date "2024.03.27"]
[Round "2"]
[White "Hernandez Bonilla, Amelia"]
[Black "Gorli, Nyna"]
[Result "1-0"]
[WhiteElo "1976"]
[BlackElo "1769"]
[PlyCount "51"]
[EventDate "2024.03.27"]
[EventType "swiss (blitz)"]
[EventRounds "11"]
[EventCountry "NET"]
[SourceTitle "CB14_2024"]
[SourceDate "2024.04.01"]
[SourceVersion "1"]
[SourceVersionDate "2024.04.01"]
[SourceQuality "1"]

1. d4 Nf6 2. Bf4 e6 3. e3 d5 4. Nf3 c5 5. Ne5 Qb6 6. b3 Bd6 7. c3 0-0 8. Nd2 h6 9. Nec4 dxc4 10. Nxc4 Qc6 11. Bxd6 Rd8 12. dxc5 Ne4 13. Qd4 b6 14. b4 bxc5 15. bxc5 Bb7 16. Rb1 Qd5 17. Rxb7 Qxb7 18. Bd3 Nxd6 19. Nxd6 Qxg2 20. Be4 Nc6 21. Bxg2 Nxd4 22. cxd4 Rab8 23. 0-0 Rb2 24. Rc1 Rxa2 25. c6 a5 26. c7 1-0

[Event "Swiss Queens Wed #9"]
[Site "FIDE Online Arena INT"]
[Date "2024.03.27"]
[Round "4"]
[White "Jimenez Salas, Maria Teresa"]
[Black "Gorli, Nyna"]
[Result "1/2-1/2"]
[WhiteElo "1939"]
[BlackElo "1769"]
[PlyCount "109"]
[EventDate "2024.03.27"]
[EventType "swiss (blitz)"]
[EventRounds "11"]
[EventCountry "NET"]
[SourceTitle "CB14_2024"]
[SourceDate "2024.04.01"]
[SourceVersion "1"]
[SourceVersionDate "2024.04.01"]
[SourceQuality "1"]

1. e4 c5 2. Nf3 e6 3. d4 cxd4 4. Nxd4 a6 5. Bd3 Nc6 6. Nxc6 dxc6 7. 0-0 e5 8. c3 Nf6 9. f4 Bc5+ 10. Kh1 0-0 11. fxe5 Ng4 12. Qe2 Nf2+ 13. Rxf2 Bxf2 14. Bf4 Be6 15. Nd2 Bb6 16. Bc4 Qe7 17. Bxe6 fxe6 18. Rf1 Rad8 19. Nc4 Bc7 20. Nd6 b5 21. h3 Bxd6 22. exd6 Qf7 23. Rf3 Qh5 24. e5 g5 25. Bxg5 Qxg5 26. Re3 Qf4 27. Rf3 Qc1+ 28. Kh2 Rxf3 29. Qxf3 Qg5 30. Qe4 Rf8 31. Qxc6 Qxe5+ 32. Kg1 Qd5 33. Qc7 Qd1+ 34. Kh2 Qd5 35. d7 e5 36. b3 e4 37. Qg3+ Kh8 38. Qc7 e3 39. c4 bxc4 40. bxc4 Qd4 41. Qg3 Qxd7 42. Qxe3 Qg7 43. Kh1 Qa1+ 44. Kh2 Qxa2 45. Qe5+ Kg8 46. Qg5+ Kf7 47. Qf5+ Ke7 48. Qe5+ Kd7 49. Qd5+ Ke7 50. Qe5+ Kf7 51. Qf5+ Kg7 52. Qg5+ Kh8 53. Qe5+ Kg8 54. Qg5+ Kf7 55. Qf5+ 1/2-1/2

[Event "Swiss Queens Wed #8"]
[Site "FIDE Online Arena INT"]
[Date "2024.03.20"]
[Round "8"]
[White "Hilario, Aleyla"]
[Black "Gorli, Nyna"]
[Result "0-1"]
[WhiteElo "1932"]
[BlackElo "1769"]
[PlyCount "84"]
[EventDate "2024.03.20"]
[EventType "swiss (blitz)"]
[EventRounds "11"]
[EventCountry "NET"]
[SourceTitle "CB13_2024"]
[SourceDate "2024.03.27"]
[SourceVersion "1"]
[SourceVersionDate "2024.03.27"]
[SourceQuality "1"]

1. d4 Nf6 2. c4 e6 3. g3 Bb4+ 4. Bd2 Bxd2+ 5. Nxd2 d5 6. Bg2 0-0 7. Ngf3 b6 8. 0-0 Bb7 9. Qc2 dxc4 10. Nxc4 Nbd7 11. Rad1 Qe7 12. Rfe1 c5 13. e4 cxd4 14. Nxd4 Rac8 15. Qa4 a6 16. Nd2 Nc5 17. Qa3 Qc7 18. e5 Bxg2 19. Kxg2 Qb7+ 20. f3 Nd5 21. Nc4 Qd7 22. Nd6 Rb8 23. b4 Nb7 24. Rc1 Nxd6 25. exd6 Qxd6 26. Qxa6 Qxb4 27. Nc6 Qd2+ 28. Kh1 Ra8 29. Qe2 Rxa2 30. Qxd2 Rxd2 31. f4 b5 32. Rb1 Nc3 33. Rb3 Rc2 34. Nd4 Rd2 35. Nf3 Rd3 36. Ne5 Rd1 37. Rxd1 Nxd1 38. Rxb5 f6 39. Nd7 Rd8 40. Nc5 Nc3 41. Nxe6 Rd1+ 42. Kg2 Nxb5 0-1

[Event "Swiss Queens Wed #7"]
[Site "FIDE Online Arena INT"]
[Date "2024.03.13"]
[Round "5"]
[White "Gorli, Nyna"]
[Black "Stangl, Anita"]
[Result "0-1"]
[WhiteElo "1769"]
[BlackElo "2070"]
[PlyCount "60"]
[EventDate "2024.03.13"]
[EventType "swiss (blitz)"]
[EventRounds "11"]
[EventCountry "NET"]
[SourceTitle "CB12_2024"]
[SourceDate "2023.10.01"]
[SourceVersion "1"]
[SourceVersionDate "2023.10.01"]
[SourceQuality "1"]

1. e4 e6 2. d4 d5 3. Nd2 Nf6 4. e5 Nfd7 5. Bd3 c5 6. c3 b6 7. Ne2 Ba6 8. Bxa6 Nxa6 9. 0-0 Nc7 10. f4 Be7 11. Nf3 0-0 12. Qe1 f5 13. exf6 Nxf6 14. Ne5 Qd6 15. Be3 Rac8 16. f5 exf5 17. Rxf5 Qe6 18. Rg5 Ne4 19. Nf4 Qd6 20. Rg4 Bf6 21. Nh5 Ne6 22. Nxf6+ Rxf6 23. Qh4 Rf5 24. Bf4 Qf8 25. Rf1 cxd4 26. cxd4 Rc2 27. Rf3 Rxb2 28. Rh3 Rb1+ 29. Bc1 Rxc1+ 30. Qe1 Rxe1# 0-1

[Event "Swiss Queens Wed #6"]
[Site "FIDE Online Arena INT"]
[Date "2024.03.06"]
[Round "6"]
[White "Aliaga Fernandez, Ingrid Yadira"]
[Black "Gorli, Nyna"]
[Result "1-0"]
[WhiteElo "2147"]
[BlackElo "1769"]
[PlyCount "127"]
[EventDate "2024.03.06"]
[EventType "swiss (blitz)"]
[EventRounds "11"]
[EventCountry "NET"]
[SourceTitle "CB11_2024"]
[SourceDate "2024.03.13"]
[SourceVersion "1"]
[SourceVersionDate "2024.03.13"]
[SourceQuality "1"]

1. e4 c5 2. Nf3 e6 3. d4 cxd4 4. Nxd4 a6 5. Bd3 Nc6 6. Nxc6 dxc6 7. 0-0 e5 8. f4 Bd6 9. a4 Nf6 10. f5 0-0 11. Qf3 Bc5+ 12. Kh1 Qb6 13. Nd2 Rd8 14. a5 Qc7 15. Nc4 b5 16. axb6 Bxb6 17. Bg5 Kh8 18. Bxf6 gxf6 19. Qh5 Bc5 20. Rf3 Rg8 21. Rh3 Rg7 22. Rf1 a5 23. Rff3 Ba6 24. Qh6 Qe7 25. Rfg3 Rag8 26. Rxg7 Rxg7 27. Qd2 Bxc4 28. Bxc4 Rg8 29. Rd3 Rb8 30. c3 Qb7 31. Rd8+ Rxd8 32. Qxd8+ Kg7 33. Qd2 a4 34. g3 a3 35. bxa3 Bxa3 36. Be2 Qb1+ 37. Kg2 Qb2 38. Qd3 c5 39. Qf3 c4 40. Kh3 Qd2 41. Bxc4 Qh6+ 42. Kg2 Qd2+ 43. Be2 Bb2 44. c4 Bd4 45. Qg4+ Kf8 46. Qf3 Ke7 47. Qa3+ Kd7 48. Qf3 Qe1 49. Kh3 Qg1 50. Qd3 Qe3 51. Qd1 Qh6+ 52. Kg2 Qe3 53. Qa4+ Ke7 54. Qd1 Kd7 55. Kh3 Qh6+ 56. Bh5 Qe3 57. Bxf7 Qh6+ 58. Bh5 Qe3 59. Qg4 Qg5 60. Qxg5 fxg5 61. Kg4 Be3 62. f6 Kc6 63. f7 Kd6 64. f8Q+ 1-0

[Event "Swiss Queens Wed #5"]
[Site "FIDE Online Arena INT"]
[Date "2024.02.28"]
[Round "1"]
[White "Babiy, Olga"]
[Black "Gorli, Nyna"]
[Result "1-0"]
[WhiteElo "2303"]
[BlackElo "1615"]
[PlyCount "57"]
[EventDate "2024.02.28"]
[EventType "swiss (blitz)"]
[EventRounds "11"]
[EventCountry "NET"]
[SourceTitle "CB10_2024"]
[SourceDate "2024.03.06"]
[SourceVersion "1"]
[SourceVersionDate "2024.03.06"]
[SourceQuality "1"]

1. d4 Nf6 2. Nf3 g6 3. Nbd2 d5 4. b4 Bg7 5. e3 0-0 6. c4 c6 7. a4 dxc4 8. Bxc4 Nd5 9. Qb3 Be6 10. b5 c5 11. Bb2 cxd4 12. Nxd4 Bxd4 13. Bxd4 Nc7 14. 0-0 Bxc4 15. Nxc4 Ne6 16. Bb2 Nd7 17. Qc3 Nf6 18. Rfd1 Qc7 19. Qb3 Rac8 20. Rac1 Nc5 21. Qa2 Rfd8 22. Be5 Rd6 23. Nxd6 exd6 24. Bxf6 Qb6 25. Qc4 Re8 26. Qh4 Ne6 27. Qh6 a6 28. Rc4 axb5 29. Rh4 1-0

[Event "Swiss Queens Wed #5"]
[Site "FIDE Online Arena INT"]
[Date "2024.02.28"]
[Round "9"]
[White "Gorli, Nyna"]
[Black "Bulatova, Kamaliya"]
[Result "0-1"]
[WhiteElo "1615"]
[BlackElo "2091"]
[PlyCount "62"]
[EventDate "2024.02.28"]
[EventType "swiss (blitz)"]
[EventRounds "11"]
[EventCountry "NET"]
[SourceTitle "CB10_2024"]
[SourceDate "2024.03.06"]
[SourceVersion "1"]
[SourceVersionDate "2024.03.06"]
[SourceQuality "1"]

1. e4 e6 2. d4 d5 3. Nd2 Nf6 4. e5 Nfd7 5. Bd3 c5 6. c3 Nc6 7. Ne2 cxd4 8. cxd4 f6 9. exf6 Nxf6 10. 0-0 Bd6 11. Nf3 0-0 12. Bf4 Qc7 13. Bxd6 Qxd6 14. Nc3 a6 15. Re1 Ng4 16. Bxh7+ Kh8 17. h3 Nxf2 18. Kxf2 Kxh7 19. Qd3+ Kg8 20. Kg1 Qg3 21. Ne2 Qd6 22. Ng5 Rf5 23. h4 e5 24. dxe5 Nxe5 25. Qc2 Qb6+ 26. Kh1 Qf2 27. Qa4 Nc4 28. Qe8+ Rf8 29. Qh5 Bf5 30. Ng1 Ne3 31. N1h3 Qxg2# 0-1

[Event "Swiss Queens Wed #5"]
[Site "FIDE Online Arena INT"]
[Date "2024.02.28"]
[Round "4"]
[White "Gorli, Nyna"]
[Black "Zaksaite, Salomeja"]
[Result "1-0"]
[WhiteElo "1615"]
[BlackElo "2212"]
[PlyCount "31"]
[EventDate "2024.02.28"]
[EventType "swiss (blitz)"]
[EventRounds "11"]
[EventCountry "NET"]
[SourceTitle "CB10_2024"]
[SourceDate "2024.03.06"]
[SourceVersion "1"]
[SourceVersionDate "2024.03.06"]
[SourceQuality "1"]

1. e4 c5 2. c3 Nf6 3. e5 Nd5 4. Nf3 e6 5. Bc4 d6 6. d4 cxd4 7. cxd4 Nc6 8. 0-0 dxe5 9. dxe5 Nb6 10. Bb5 Qxd1 11. Rxd1 Bd7 12. Nc3 0-0-0 13. Be3 Kc7 14. a4 a6 15. Bxc6 Bxc6 16. Bxb6+ 1-0

[Event "Swiss Queens Wed #4"]
[Site "FIDE Online Arena INT"]
[Date "2024.02.21"]
[Round "1"]
[White "Gorli, Nyna"]
[Black "Arabidze, Meri"]
[Result "0-1"]
[WhiteElo "1615"]
[BlackElo "2461"]
[PlyCount "74"]
[EventDate "2024.02.21"]
[EventType "swiss (blitz)"]
[EventRounds "11"]
[EventCountry "NET"]
[SourceTitle "CB09_2024"]
[SourceDate "2024.02.28"]
[SourceVersion "1"]
[SourceVersionDate "2024.02.28"]
[SourceQuality "1"]

1. e4 c5 2. c3 e6 3. d4 d5 4. exd5 exd5 5. Nf3 Nc6 6. Bb5 Bd6 7. 0-0 Nge7 8. dxc5 Bxc5 9. Nd4 0-0 10. Nb3 Bd6 11. Bg5 h6 12. Bh4 Qb6 13. Bxc6 bxc6 14. c4 Nf5 15. Bg3 Bxg3 16. hxg3 dxc4 17. N3d2 Qxb2 18. g4 Qxa1 19. gxf5 Bxf5 20. Nxc4 Qxb1 21. Qxb1 Bxb1 22. Rxb1 Rab8 23. Rc1 c5 24. Ne5 Rfc8 25. Nc4 g5 26. f3 Kg7 27. Kf2 Rd8 28. Ke3 Rbc8 29. Na5 Rd4 30. Nb3 Ra4 31. Nxc5 Re8+ 32. Kd3 Rxa2 33. g4 a5 34. Ne4 Rd8+ 35. Kc3 a4 36. Kb4 Rb8+ 37. Ka5 a3 0-1

[Event "Udaipur Pandiyar op 8th"]
[Site "Udaipur"]
[Date "2023.10.18"]
[Round "8"]
[White "Vrashank, Chouhan"]
[Black "Gorli, Nyna"]
[Result "1-0"]
[WhiteElo "1930"]
[BlackElo "1576"]
[PlyCount "55"]
[EventDate "2023.10.15"]
[EventType "swiss"]
[EventRounds "9"]
[EventCountry "IND"]
[SourceTitle "Mega2024 Update 01"]
[Source "Chessbase"]
[SourceDate "2023.11.12"]
[SourceVersion "1"]
[SourceVersionDate "2023.11.12"]
[SourceQuality "1"]

1. d4 Nf6 2. Bf4 g6 3. Nc3 Bg7 4. e4 d6 5. Qd2 Nbd7 6. 0-0-0 c6 7. e5 dxe5 8. dxe5 Nh5 9. Bh6 Bxe5 10. g4 Nhf6 11. Nf3 Bxc3 12. Qxc3 Rg8 13. Bc4 e6 14. Rhe1 Qe7 15. Bg5 h6 16. Rxd7 Bxd7 17. Bxf6 Qd6 18. Ne5 Qc5 19. Qd3 Rd8 20. Bxd8 Qxe5 21. Rxe5 Kxd8 22. Qd6 Kc8 23. Qe7 b5 24. Bxb5 cxb5 25. Rc5+ Kb8 26. Qxd7 Ka8 27. Rc8+ Rxc8 28. Qxc8# 1-0

[Event "Udaipur Pandiyar op 8th"]
[Site "Udaipur"]
[Date "2023.10.17"]
[Round "6"]
[White "Kartik, Kumar Singh"]
[Black "Gorli, Nyna"]
[Result "1-0"]
[WhiteElo "1958"]
[BlackElo "1576"]
[PlyCount "117"]
[EventDate "2023.10.15"]
[EventType "swiss"]
[EventRounds "9"]
[EventCountry "IND"]
[SourceTitle "Mega2024 Update 01"]
[Source "Chessbase"]
[SourceDate "2023.11.12"]
[SourceVersion "1"]
[SourceVersionDate "2023.11.12"]
[SourceQuality "1"]

1. e4 c5 2. Nf3 e6 3. d4 cxd4 4. Nxd4 a6 5. Bd3 Nf6 6. 0-0 Qc7 7. Qe2 d6 8. c4 Be7 9. Nc3 0-0 10. f4 Nbd7 11. Nf3 Nc5 12. Bc2 a5 13. e5 Nfd7 14. Nb5 Qc6 15. exd6 Bxd6 16. Nfd4 Qb6 17. Nxd6 Qxd6 18. Nb5 Qc6 19. Rd1 b6 20. Rd6 Qb7 21. b3 Nf6 22. Bb2 Nfe4 23. Bxe4 Nxe4 24. Rd4 Nc5 25. Nd6 Qc7 26. Rad1 Bd7 27. Ne4 Nxe4 28. Rxd7 Qc5+ 29. R7d4 Nd6 30. Qe5 Nf5 31. Qxc5 bxc5 32. R4d3 h5 33. Ba3 Rfc8 34. Rc1 Rc7 35. Kf2 Kh7 36. g3 Ra6 37. Rd8 Nd6 38. Rd1 Rcc6 39. Kf3 a4 40. Bxc5 Nb7 41. b4 Nxc5 42. b5 Rc7 43. bxa6 Nxa6 44. Rc1 Nb4 45. a3 Nc6 46. Ra8 Nd4+ 47. Ke3 Nb3 48. Rc3 Nc5 49. Rc2 Rc6 50. Kd4 Rc7 51. Rb2 Nb3+ 52. Kc3 Nc5 53. Rb5 Ne4+ 54. Kd4 Nd6 55. Rb4 Nf5+ 56. Kc3 Ne3 57. Rbxa4 Nd5+ 58. Kd3 Nb6 59. R8a7 1-0

[Event "Udaipur Pandiyar op 8th"]
[Site "Udaipur"]
[Date "2023.10.16"]
[Round "4"]
[White "Kumar, Gaurav"]
[Black "Gorli, Nyna"]
[Result "0-1"]
[WhiteElo "1971"]
[BlackElo "1576"]
[PlyCount "170"]
[EventDate "2023.10.15"]
[EventType "swiss"]
[EventRounds "9"]
[EventCountry "IND"]
[SourceTitle "Mega2024 Update 01"]
[Source "Chessbase"]
[SourceDate "2023.11.12"]
[SourceVersion "1"]
[SourceVersionDate "2023.11.12"]
[SourceQuality "1"]

1. e4 c5 2. Nf3 e6 3. d4 cxd4 4. Nxd4 a6 5. Bd3 Nf6 6. 0-0 Qc7 7. Qe2 d6 8. c4 Be7 9. f4 0-0 10. b3 d5 11. Nc3 Bc5 12. Be3 e5 13. fxe5 Qxe5 14. Nf3 Bxe3+ 15. Qxe3 Qxc3 16. e5 Bf5 17. Rad1 Re8 18. Nd4 Bg6 19. Qf4 Bxd3 20. Rf3 dxc4 21. bxc4 Qa5 22. Re3 Nh5 23. Qf3 Nd7 24. Rexd3 Nxe5 25. Qxh5 g6 26. Rg3 Nxc4 27. Qxa5 Nxa5 28. Nf5 Rad8 29. Rf1 Rd7 30. Nh6+ Kg7 31. Nf5+ Kf8 32. Nh6 Nc4 33. Ng4 Nd2 34. Rc1 Ne4 35. Rf3 h5 36. Nf2 Nxf2 37. Rxf2 Red8 38. Rcf1 Kg7 39. Rf6 Rc8 40. R6f2 Rc3 41. h3 Rcd3 42. a4 Ra3 43. Rf4 Ra2 44. R1f3 Re7 45. Rb3 Re1+ 46. Kh2 Ree2 47. Rxb7 Rxg2+ 48. Kh1 Rh2+ 49. Kg1 Rxh3 50. Rbxf7+ Kh6 51. Ra7 Rg3+ 52. Kf1 Kg5 53. Re4 Rg4 54. Rxg4+ Kxg4 55. Rxa6 g5 56. a5 h4 57. Rb6 Rxa5 58. Rb4+ Kf5 59. Kg2 g4 60. Rb2 Ra4 61. Kh2 Kf4 62. Rc2 Re4 63. Rf2+ Ke3 64. Ra2 Kf3 65. Ra8 Re2+ 66. Kg1 g3 67. Ra3+ Re3 68. Ra1 h3 69. Kh1 Kf2 70. Rf1+ Ke2 71. Rf8 Rf3 72. Re8+ Kf2 73. Rg8 Kf1 74. Rg7 Ke2 75. Re7+ Kd3 76. Rd7+ Ke4 77. Re7+ Kd5 78. Re1 g2+ 79. Kg1 Kd4 80. Ra1 Ke4 81. Ra4+ Kf5 82. Ra5+ Kg4 83. Kh2 Rf1 84. Ra4+ Kf5 85. Ra5+ Ke6 0-1

[Event "Bhubaneswar op-A 14th"]
[Site "Bhubaneswar"]
[Date "2023.06.14"]
[Round "5"]
[White "Marium, Fatima"]
[Black "Gorli, Nyna"]
[Result "1-0"]
[WhiteElo "1703"]
[BlackElo "1425"]
[PlyCount "71"]
[EventDate "2023.06.11"]
[EventType "swiss"]
[EventRounds "10"]
[EventCountry "IND"]
[SourceTitle "CBM 214 Extra"]
[Source "ChessBase"]
[SourceDate "2023.07.31"]
[SourceVersion "1"]
[SourceVersionDate "2023.07.31"]
[SourceQuality "1"]

1. d4 Nf6 2. Nf3 g6 3. g3 Bg7 4. Bg2 d6 5. 0-0 0-0 6. c4 Nbd7 7. Nc3 e5 8. Qc2 exd4 9. Nxd4 Re8 10. Rd1 a5 11. b3 Nc5 12. Bb2 Bd7 13. Ba3 Qc8 14. Ncb5 Nfe4 15. Rac1 Rb8 16. Bb2 Bxb5 17. cxb5 Bh6 18. e3 Qd7 19. Ba3 Qe7 20. Bxe4 Nxe4 21. Qxc7 Qf6 22. f4 g5 23. Qd7 gxf4 24. exf4 Bxf4 25. gxf4 Qxf4 26. Qf5 Qe3+ 27. Kf1 Nd2+ 28. Kg2 Re5 29. Rc8+ Rxc8 30. Qxc8+ Kg7 31. Nf5+ Rxf5 32. Qxf5 Qe2+ 33. Kh3 Qxd1 34. Qg5+ Kf8 35. Bxd6+ Ke8 36. Qe7# 1-0

[Event "Bhubaneswar op-A 14th"]
[Site "Bhubaneswar"]
[Date "2023.06.13"]
[Round "4"]
[White "Gorli, Nyna"]
[Black "Dawda, Vihaan"]
[Result "1/2-1/2"]
[WhiteElo "1425"]
[BlackElo "1608"]
[PlyCount "52"]
[EventDate "2023.06.11"]
[EventType "swiss"]
[EventRounds "10"]
[EventCountry "IND"]
[SourceTitle "CBM 214 Extra"]
[Source "ChessBase"]
[SourceDate "2023.07.31"]
[SourceVersion "1"]
[SourceVersionDate "2023.07.31"]
[SourceQuality "1"]

1. e4 e5 2. Nf3 Nc6 3. Bc4 Bc5 4. c3 Nf6 5. d3 a5 6. h3 h6 7. Nbd2 d6 8. 0-0 0-0 9. Re1 Bb6 10. a4 Ne7 11. Nf1 Ng6 12. Ng3 c6 13. Bb3 Re8 14. Be3 Bxe3 15. fxe3 d5 16. exd5 Nxd5 17. e4 Ndf4 18. d4 Qf6 19. Rf1 Be6 20. Bxe6 fxe6 21. Nxe5 Nxe5 22. Nh5 Qg5 23. Nxf4 Nc4 24. Qe2 Nd6 25. Rac1 e5 26. h4 Qg3 1/2-1/2

[Event "IND-ch U13 Girls 35th"]
[Site "Puducherry"]
[Date "2022.12.15"]
[Round "8"]
[White "Shefali, AN."]
[Black "Gorli, Nyna"]
[Result "0-1"]
[WhiteElo "1357"]
[BlackElo "1484"]
[PlyCount "88"]
[EventDate "2022.12.11"]
[EventType "swiss"]
[EventRounds "11"]
[EventCountry "IND"]
[SourceTitle "EXT 2024"]
[Source "ChessBase"]
[SourceDate "2023.10.10"]
[SourceVersion "1"]
[SourceVersionDate "2023.10.10"]
[SourceQuality "1"]

1. e4 c5 2. c3 e6 3. d4 d5 4. exd5 exd5 5. Nf3 Nf6 6. Be2 Be7 7. 0-0 0-0 8. Nbd2 Nc6 9. Nb3 c4 10. Nbd2 Bd7 11. Re1 b5 12. Nf1 a5 13. Ne3 b4 14. Qc2 a4 15. Nd2 b3 16. Qd1 Be6 17. a3 Qc7 18. Bf3 Rab8 19. Ndf1 Rfd8 20. Bg4 Bxg4 21. Nxg4 Ne4 22. f3 Nxc3 23. bxc3 b2 24. Bxb2 Rxb2 25. Nd2 Bg5 26. Re2 Qb6 27. Nb1 Rxe2 28. Qxe2 Nxd4 29. Qf2 Ne2+ 30. Kf1 Qb2 31. Qxe2 Qxa1 32. Kf2 Qxb1 33. Kg3 h5 34. Ne3 h4+ 35. Kg4 Qg6 36. Kh3 Qe6+ 37. g4 hxg3+ 38. Kxg3 Bxe3 39. Kg2 Qg6+ 40. Kh3 Qf5+ 41. Kg2 Qg5+ 42. Kh3 Rd6 43. Qe1 Rh6+ 44. Qh4 Rxh4# 0-1

[Event "IND-ch U13 Girls 35th"]
[Site "Puducherry"]
[Date "2022.12.13"]
[Round "5"]
[White "Gorli, Nyna"]
[Black "Jayashri, M."]
[Result "1-0"]
[WhiteElo "1484"]
[BlackElo "1294"]
[PlyCount "119"]
[EventDate "2022.12.11"]
[EventType "swiss"]
[EventRounds "11"]
[EventCountry "IND"]
[SourceTitle "EXT 2024"]
[Source "ChessBase"]
[SourceDate "2023.10.10"]
[SourceVersion "1"]
[SourceVersionDate "2023.10.10"]
[SourceQuality "1"]

1. e4 c6 2. d4 d5 3. Nc3 dxe4 4. Nxe4 Bf5 5. Ng3 Bg6 6. h4 h6 7. h5 Bh7 8. Nf3 Nd7 9. Bd3 Bxd3 10. Qxd3 e6 11. Bd2 Ngf6 12. a3 Bd6 13. Ne4 Nxe4 14. Qxe4 Nf6 15. Qe2 Qc7 16. c4 0-0 17. c5 Be7 18. Ne5 Qd8 19. Bc3 Nd5 20. Bd2 Nf6 21. Bc3 Nd5 22. Bd2 Nf6 23. Bc3 Nd5 24. Bd2 Bg5 25. g3 Bxd2+ 26. Qxd2 Nf6 27. 0-0-0 Qd5 28. f3 Rad8 29. g4 Nd7 30. Qc3 b6 31. cxb6 Nxb6 32. Nxc6 Qg5+ 33. Kb1 Rc8 34. f4 Qf6 35. Qf3 Nd5 36. Rc1 Nxf4 37. Rhf1 g5 38. hxg6 fxg6 39. Qxf4 Rxc6 40. Qxf6 Rxf6 41. Rxf6 Rd6 42. Rcf1 Rd8 43. Rxg6+ Kh7 44. Rxe6 Rxd4 45. Rf7+ Kg8 46. Rxa7 Rd8 47. Rg6+ Kf8 48. Rh7 Rd1+ 49. Ka2 Rd2 50. Rgxh6 Kg8 51. g5 Kf8 52. g6 Kg8 53. g7 Rg2 54. a4 Rf2 55. a5 Rf5 56. Rg6 Rxa5+ 57. Kb1 Rh5 58. Rxh5 Kf7 59. g8Q+ Ke7 60. Rh7# 1-0